[Event "I Cerrado Concello de Arteixo 2015"]
[Site "Arteixo ESP"]
[Date "2015.07.15"]
[Round "5.3"]
[White "Fernandez Borrego, Pablo"]
[Black "Gonzalez Trigal, Jose Luis"]
[Result "1-0"]
[WhiteElo "2378"]
[BlackElo "2246"]
[PlyCount "145"]
[EventDate "2015.07.13"]
[EventType "tourn"]
[EventRounds "9"]
[EventCountry "ESP"]
[EventCategory "4"]
[Source "lmi"]
[SourceDate "2015.07.13"]

1. e4 c5 2. Nf3 d6 3. Nc3 Nf6 4. a3 g6 5. b4 Bg7 6. Rb1 O-O 7. Be2 b6 8. O-O
Bb7 9. d3 Nbd7 10. bxc5 Nxc5 11. Bb2 Rc8 12. Nd2 e5 13. Nc4 d5 14. exd5 Nxd5
15. Nb5 Nf4 16. Bf3 e4 17. dxe4 Nxe4 18. Bxg7 Kxg7 19. Ne3 Qe7 20. Rb4 f5 21.
Bxe4 fxe4 22. Nd6 Rcd8 23. Qa1+ Kg8 24. Qa2+ Kg7 25. Qb2+ Qf6 26. Qxf6+ Rxf6
27. Nxb7 Rd7 28. Na5 bxa5 29. Rxe4 Rd4 30. Rxd4 Ne2+ 31. Kh1 Nxd4 32. g4 Rc6
33. c4 Kf6 34. Rb1 Ke5 35. Rb7 h5 36. h3 hxg4 37. hxg4 a6 38. Kg2 Ne6 39. Kg3
g5 40. Rf7 Nd4 41. Rd7 Ne2+ 42. Kf3 Nf4 43. Rf7 Kd4 44. Rf5 Ne6 45. Rxa5 Kd3
46. Re5 Nd4+ 47. Kg2 Rf6 48. Rxg5 Ke2 49. Nf5 Nc2 50. Ng3+ Kd3 51. Ra5 Kxc4 52.
f4 Ne1+ 53. Kh3 Kd3 54. Rd5+ Kc4 55. Rf5 Rd6 56. g5 Nd3 57. Kg4 Nf2+ 58. Kh5
Rd3 59. Kh4 Rd6 60. Re5 Nd3 61. Ra5 Kb3 62. f5 Rd4+ 63. Kh5 Nf4+ 64. Kh6 Rd3
65. Ne4 Kc4 66. Ra4+ Kd5 67. Nf6+ Ke5 68. Ra5+ Kd6 69. Rxa6+ Ke7 70. Ra7+ Kf8
71. g6 Rh3+ 72. Kg5 Rg3+ 73. Kh4 1-0

[Event "I Cerrado Concello de Arteixo 2015"]
[Site "Arteixo ESP"]
[Date "2015.07.15"]
[Round "5.4"]
[White "Senlle Caride, Miguel"]
[Black "Kantans, Toms"]
[Result "0-1"]
[WhiteElo "2330"]
[BlackElo "2458"]
[PlyCount "138"]
[EventDate "2015.07.13"]
[EventType "tourn"]
[EventRounds "9"]
[EventCountry "ESP"]
[EventCategory "4"]
[Source "lmi"]
[SourceDate "2015.07.13"]

1. Nf3 Nf6 2. g3 g6 3. b3 Bg7 4. Bb2 O-O 5. Bg2 c5 6. c4 Nc6 7. O-O d5 8. cxd5
Nxd5 9. Bxg7 Kxg7 10. d4 cxd4 11. Nxd4 Nxd4 12. Qxd4+ Nf6 13. Qxd8 Rxd8 14. Nc3
Rb8 15. Rfd1 Bd7 16. Rac1 b6 17. Kf1 Rbc8 18. Ke1 a5 19. Bb7 Rc7 20. Bf3 Rdc8
21. Kd2 Bf5 22. a3 Be6 23. b4 axb4 24. axb4 Rc4 25. b5 R8c5 26. Bc6 Bd7 27. Na2
Bxc6 28. Rxc4 Rxc4 29. bxc6 Rxc6 30. Rb1 Ne4+ 31. Ke1 g5 32. f3 Nc5 33. Kf2 Kf6
34. Nc3 Ke5 35. Ke3 Rh6 36. Rb5 Re6 37. Kd2 Rd6+ 38. Ke3 Ke6 39. Rb4 Kd7 40. h4
h6 41. hxg5 hxg5 42. Nb5 Re6+ 43. Kf2 Rh6 44. g4 Ne6 45. Nc3 Kc6 46. Na4 b5 47.
Nc3 Nc7 48. Ne4 f6 49. Rb2 Ne6 50. Ke3 Rh8 51. Rc2+ Kb6 52. Nc3 Nc7 53. Rd2 b4
54. Rb2 Kc5 55. Ne4+ Kb5 56. Rc2 Ne6 57. Rb2 Rc8 58. Ng3 Rc3+ 59. Kd2 Nd4 60.
Ne4 Nb3+ 61. Ke1 Rc1+ 62. Kf2 Nc5 63. Nd2 Rc3 64. Ra2 Na4 65. Ne4 Ra3 66. Rd2
Nc3 67. Ng3 b3 68. Rd8 b2 69. Rb8+ Kc6 0-1

[Event "I Cerrado Concello de Arteixo 2015"]
[Site "Arteixo ESP"]
[Date "2015.07.15"]
[Round "5.5"]
[White "Hoffman, Alejandro"]
[Black "Vega Gomez, Francisco B"]
[Result "1/2-1/2"]
[WhiteElo "2456"]
[BlackElo "2237"]
[PlyCount "106"]
[EventDate "2015.07.13"]
[EventType "tourn"]
[EventRounds "9"]
[EventCountry "ESP"]
[EventCategory "4"]
[Source "lmi"]
[SourceDate "2015.07.13"]

1. d4 d6 2. Nf3 Bg4 3. e4 Nf6 4. h3 Bh5 5. Nbd2 e6 6. c3 Be7 7. Qb3 Qc8 8. Bd3
Nbd7 9. O-O O-O 10. Re1 Rd8 11. Qc2 e5 12. Nh4 Re8 13. Nf5 Bf8 14. g4 Bg6 15.
Nf3 d5 16. Nxe5 Nxe5 17. dxe5 dxe4 18. exf6 exd3 19. Rxe8 dxc2 20. Rxc8 Rxc8
21. fxg7 Bc5 22. Bg5 Re8 23. Rc1 Bxf5 24. gxf5 Re2 25. Bh4 Rd2 26. Kg2 Kxg7 27.
Kf3 f6 28. b4 Bb6 29. Bg3 c6 30. Ke4 Kf7 31. a4 a6 32. a5 Ba7 33. f3 Ke7 34.
Bf4 Rf2 35. Bg3 Re2+ 36. Kd3 Re3+ 37. Kxc2 Rxf3 38. Re1+ Kd7 39. Rd1+ Kc8 40.
Bh4 Rxf5 41. Rd6 Bb8 42. Rxf6 Rxf6 43. Bxf6 Kd7 44. Kd3 Ke6 45. Bh4 Kd5 46. Bf2
Be5 47. Be3 Bd6 48. c4+ Ke6 49. Bd2 Be5 50. Ke4 h5 51. Be1 Bh2 52. Bc3 Bd6 53.
Be1 Be5 1/2-1/2

[Event "I Cerrado Concello de Arteixo 2015"]
[Site "Arteixo ESP"]
[Date "2015.07.16"]
[Round "6.1"]
[White "Iwanow, Anna"]
[Black "Vega Gomez, Francisco B"]
[Result "0-1"]
[WhiteElo "2206"]
[BlackElo "2237"]
[PlyCount "102"]
[EventDate "2015.07.13"]
[EventType "tourn"]
[EventRounds "9"]
[EventCountry "ESP"]
[EventCategory "4"]
[Source "lmi"]
[SourceDate "2015.07.13"]

1. e4 d6 2. d4 Nf6 3. Nc3 e5 4. Nf3 Nbd7 5. Bc4 Be7 6. O-O O-O 7. Re1 c6 8. a4
h6 9. a5 Re8 10. h3 Qc7 11. b3 Nf8 12. d5 Ng6 13. Kh2 Nh7 14. Be3 Rf8 15. a6 b5
16. Bf1 b4 17. Ne2 c5 18. Ng3 Nf4 19. Nd2 g6 20. Nc4 h5 21. Ne2 Nxe2 22. Bxe2
f5 23. exf5 Bxf5 24. Qd2 Bf6 25. Rad1 Rad8 26. Rf1 Rf7 27. c3 Rb8 28. cxb4 Rxb4
29. Qa2 Bg5 30. Rc1 h4 31. Qd2 Bd8 32. Rc3 Bf6 33. Rcc1 Rf8 34. Nxd6 Rd4 35.
Bxd4 exd4 36. f4 Qxd6 37. Bc4 Ng5 38. Kg1 Ne4 39. Qa5 Nc3 40. Rce1 d3 41. Re5
Ne2+ 42. Rxe2 dxe2 43. Bxe2 Re8 44. Bc4 Re4 45. Qb5 Rxf4 46. Re1 Bd7 47. Qb7
Bd4+ 48. Kh1 Rf7 49. Qxa7 Bxh3 50. Qa8+ Kg7 51. gxh3 Qg3 0-1

[Event "I Cerrado Concello de Arteixo 2015"]
[Site "Arteixo ESP"]
[Date "2015.07.16"]
[Round "6.2"]
[White "Kantans, Toms"]
[Black "Hoffman, Alejandro"]
[Result "0-1"]
[WhiteElo "2458"]
[BlackElo "2456"]
[PlyCount "78"]
[EventDate "2015.07.13"]
[EventType "tourn"]
[EventRounds "9"]
[EventCountry "ESP"]
[EventCategory "4"]
[Source "lmi"]
[SourceDate "2015.07.13"]

1. e4 g6 2. d4 Bg7 3. Nc3 a6 4. h4 h5 5. Bc4 b5 6. Bb3 Bb7 7. Nh3 e6 8. Bg5 f6
9. Bd2 Nc6 10. d5 Nd4 11. Nf4 Nxb3 12. axb3 Kf7 13. dxe6+ dxe6 14. Qf3 Ne7 15.
O-O-O Qe8 16. Nd3 Rd8 17. Bf4 Rc8 18. b4 a5 19. bxa5 c5 20. Bd6 b4 21. Na2 Nf5
22. Bxc5 Qa4 23. Ndxb4 Rxc5 24. Qd3 Ne7 25. a6 Bc6 26. Rh3 Rc8 27. Kb1 f5 28.
exf5 gxf5 29. Qe2 Be4 30. Rd2 Qb5 31. Qxb5 Rxb5 32. Ra3 Nd5 33. f3 Nxb4 34.
fxe4 Nxa6 35. Rxa6 Rxb2+ 36. Kc1 Rb7 37. exf5 Bh6 38. fxe6+ Ke7 39. Rad6 Ra8
0-1

[Event "I Cerrado Concello de Arteixo 2015"]
[Site "Arteixo ESP"]
[Date "2015.07.16"]
[Round "6.3"]
[White "Gonzalez Trigal, Jose Luis"]
[Black "Senlle Caride, Miguel"]
[Result "1/2-1/2"]
[WhiteElo "2246"]
[BlackElo "2330"]
[PlyCount "129"]
[EventDate "2015.07.13"]
[EventType "tourn"]
[EventRounds "9"]
[EventCountry "ESP"]
[EventCategory "4"]
[Source "lmi"]
[SourceDate "2015.07.13"]

1. d4 Nf6 2. c4 e6 3. Nf3 d5 4. g3 Be7 5. Bg2 O-O 6. O-O dxc4 7. Ne5 c5 8. dxc5
Qc7 9. Nxc4 Qxc5 10. b3 Rd8 11. Nbd2 Qh5 12. e3 Qf5 13. Qe2 Nc6 14. Bb2 Qb5 15.
Nf3 Bd7 16. Rfd1 Be8 17. e4 a5 18. e5 Rxd1+ 19. Qxd1 Rd8 20. Nfd2 Nd5 21. a4
Qb4 22. Ba3 Qc3 23. Ne4 Qd4 24. Qxd4 Nxd4 25. Bxe7 Nxe7 26. Nxa5 b6 27. Nb7 Rb8
28. Nbd6 Nxb3 29. Ra3 Na5 30. Bf1 Bc6 31. Bb5 Nd5 32. f4 h6 33. Ra1 f6 34. exf6
gxf6 35. Rc1 Bxb5 36. axb5 Nb3 37. Rd1 f5 38. Nf2 Ra8 39. Nxf5 Kh7 40. Nd6 Nc5
41. Nfe4 Ne3 42. Re1 Nc2 43. Rc1 Nd4 44. Rd1 Ncb3 45. Nf2 Ra2 46. Kg2 Nc2 47.
Kh3 Ncd4 48. Nde4 Nxb5 49. Rd7+ Kg8 50. Rb7 Ra6 51. Kg4 Na5 52. Nf6+ Kf8 53.
Rxb6 Rxb6 54. Nd7+ Kg7 55. Nxb6 Nd4 56. Ne4 Kg6 57. Nd7 h5+ 58. Kh3 Nc4 59. Kg2
Kf5 60. Nc3 Ne3+ 61. Kf2 Ng4+ 62. Kg2 Ne3+ 63. Kf2 Ng4+ 64. Kg2 Ne3+ 65. Kf2
1/2-1/2

[Event "I Cerrado Concello de Arteixo 2015"]
[Site "Arteixo ESP"]
[Date "2015.07.16"]
[Round "6.4"]
[White "Medarde Santiago, Luis Marcos"]
[Black "Fernandez Borrego, Pablo"]
[Result "0-1"]
[WhiteElo "2273"]
[BlackElo "2378"]
[PlyCount "64"]
[EventDate "2015.07.13"]
[EventType "tourn"]
[EventRounds "9"]
[EventCountry "ESP"]
[EventCategory "4"]
[Source "lmi"]
[SourceDate "2015.07.13"]

1. e4 e6 2. d4 d5 3. Nd2 c5 4. exd5 Qxd5 5. Ngf3 cxd4 6. Bc4 Qd7 7. O-O Nc6 8.
Nb3 Nf6 9. Bf4 Bd6 10. Bxd6 Qxd6 11. Nbxd4 O-O 12. c3 b6 13. Qe2 Nxd4 14. Nxd4
e5 15. Nc2 Bg4 16. Qe1 Rad8 17. Ne3 e4 18. h3 Bh5 19. Be2 Qe6 20. b3 Qe5 21.
Bxh5 Nxh5 22. Nc4 Qe6 23. Rd1 b5 24. Ne3 Nf4 25. f3 Rxd1 26. Qxd1 Qb6 27. Qe1
Nd5 28. Kf2 exf3 29. Kxf3 Qf6+ 30. Ke2 Nf4+ 31. Kd1 Rd8+ 32. Kc2 Qg6+ 0-1

[Event "I Cerrado Concello de Arteixo 2015"]
[Site "Arteixo ESP"]
[Date "2015.07.16"]
[Round "6.5"]
[White "Paunovic, Dragan"]
[Black "Sande Edreira, Jose Antonio"]
[Result "1-0"]
[WhiteElo "2451"]
[BlackElo "2277"]
[PlyCount "117"]
[EventDate "2015.07.13"]
[EventType "tourn"]
[EventRounds "9"]
[EventCountry "ESP"]
[EventCategory "4"]
[Source "lmi"]
[SourceDate "2015.07.13"]

1. Nf3 g6 2. d4 Bg7 3. e4 c5 4. c3 cxd4 5. cxd4 d5 6. exd5 Nf6 7. Bb5+ Nbd7 8.
d6 exd6 9. Qe2+ Qe7 10. Qxe7+ Kxe7 11. O-O Nb6 12. Re1+ Be6 13. Nc3 a6 14. Bf1
h6 15. g3 Kd7 16. b3 Rhc8 17. Bd2 Nbd5 18. Nxd5 Nxd5 19. Rac1 Rxc1 20. Rxc1 Rc8
21. Rxc8 Kxc8 22. Bg2 g5 23. h3 Nc7 24. Bc3 Nb5 25. Bb2 Bd5 26. Kf1 f5 27. g4
fxg4 28. hxg4 Kc7 29. Ke2 Kc6 30. Kd3 Nc7 31. Ne1 Ne6 32. Be4 Nf4+ 33. Ke3 Kd7
34. f3 b6 35. Nc2 a5 36. Bxd5 Nxd5+ 37. Kd3 Bf6 38. Bc1 Ke6 39. Bd2 Nc7 40. a4
d5 41. f4 Ne8 42. f5+ Kd6 43. b4 Ng7 44. bxa5 bxa5 45. Bxa5 h5 46. Bb4+ Kc6 47.
Bf8 h4 48. Ke3 Ne8 49. Bc5 Nc7 50. Nb4+ Kd7 51. Bb6 Be7 52. Bxc7 Bxb4 53. Bb6
Be7 54. Ba7 Kc6 55. Bb8 Bf6 56. a5 Kb5 57. Be5 h3 58. Kf2 Be7 59. Bg7 1-0

[Event "I Cerrado Concello de Arteixo 2015"]
[Site "Arteixo ESP"]
[Date "2015.07.16"]
[Round "7.1"]
[White "Sande Edreira, Jose Antonio"]
[Black "Iwanow, Anna"]
[Result "1/2-1/2"]
[WhiteElo "2277"]
[BlackElo "2206"]
[PlyCount "78"]
[EventDate "2015.07.13"]
[EventType "tourn"]
[EventRounds "9"]
[EventCountry "ESP"]
[EventCategory "4"]
[Source "lmi"]
[SourceDate "2015.07.13"]

1. c4 e5 2. g3 Nc6 3. Bg2 Bc5 4. Nc3 a6 5. Nf3 d6 6. O-O Nge7 7. e3 Bg4 8. h3
Bh5 9. g4 Bg6 10. d4 Ba7 11. dxe5 dxe5 12. b3 O-O 13. Qxd8 Rfxd8 14. Ba3 f6 15.
Nh4 Bf7 16. Bxe7 Nxe7 17. Bxb7 Rab8 18. Be4 g6 19. Rfd1 c6 20. Rxd8+ Rxd8 21.
Rd1 Rxd1+ 22. Nxd1 Bc5 23. Nb2 a5 24. Nd3 Ba3 25. f4 exf4 26. exf4 Be8 27. f5
Kf7 28. Kf2 Bd7 29. fxg6+ hxg6 30. Bg2 Ke8 31. Nf3 Bd6 32. Nd2 f5 33. g5 c5 34.
Ke3 Nc6 35. Bxc6 Bxc6 36. Nf4 Kf7 37. Nd5 Ke6 38. Nf4+ Kf7 39. Nd5 Ke6 1/2-1/2

[Event "I Cerrado Concello de Arteixo 2015"]
[Site "Arteixo ESP"]
[Date "2015.07.16"]
[Round "7.2"]
[White "Fernandez Borrego, Pablo"]
[Black "Paunovic, Dragan"]
[Result "1-0"]
[WhiteElo "2378"]
[BlackElo "2451"]
[PlyCount "89"]
[EventDate "2015.07.13"]
[EventType "tourn"]
[EventRounds "9"]
[EventCountry "ESP"]
[EventCategory "4"]
[Source "lmi"]
[SourceDate "2015.07.13"]

1. e4 c5 2. Nf3 e6 3. Nc3 a6 4. g3 Nc6 5. Bg2 d6 6. d4 cxd4 7. Nxd4 Bd7 8. O-O
Nf6 9. Nb3 Be7 10. Qe2 O-O 11. g4 h6 12. f4 b5 13. Be3 b4 14. Nd1 a5 15. Nf2 a4
16. Nd4 Qc7 17. Nxc6 Bxc6 18. g5 hxg5 19. fxg5 Nd7 20. Nd3 Bb5 21. Qh5 Bxd3 22.
cxd3 g6 23. Qh6 Rfc8 24. Rxf7 Kxf7 25. Rf1+ Ke8 26. Qxg6+ Kd8 27. Qg8+ Nf8 28.
Rxf8+ Bxf8 29. Qxf8+ Kd7 30. Qf7+ Kd8 31. Qxe6 Qe7 32. Qg8+ Qe8 33. Qd5 Qe5 34.
Qf7 Ra6 35. g6 Qe7 36. Qd5 Qe5 37. Qg8+ Kc7 38. Qf7+ Kb8 39. g7 Qe8 40. Qd5
Rac6 41. Qb5+ Kc7 42. Qa5+ Kd7 43. Bh3+ Ke7 44. Qf5 Kd8 45. Bb6+ 1-0

[Event "I Cerrado Concello de Arteixo 2015"]
[Site "Arteixo ESP"]
[Date "2015.07.16"]
[Round "7.3"]
[White "Senlle Caride, Miguel"]
[Black "Medarde Santiago, Luis Marcos"]
[Result "1/2-1/2"]
[WhiteElo "2330"]
[BlackElo "2273"]
[PlyCount "140"]
[EventDate "2015.07.13"]
[EventType "tourn"]
[EventRounds "9"]
[EventCountry "ESP"]
[EventCategory "4"]
[Source "lmi"]
[SourceDate "2015.07.13"]

1. e4 c5 2. Nf3 d6 3. d4 cxd4 4. Nxd4 Nf6 5. Nc3 g6 6. Bg5 Bg7 7. Bb5+ Bd7 8.
Qe2 Qa5 9. O-O-O O-O 10. f4 Bg4 11. Nf3 Rc8 12. e5 dxe5 13. fxe5 Nfd7 14. Nd5
Rc5 15. a4 Nc6 16. Bxe7 Rxd5 17. Rxd5 Nxe7 18. Rxd7 Bxd7 19. Bxd7 Qd5 20. Rd1
Qa2 21. c3 Nd5 22. Kc2 Bh6 23. Rxd5 Qxd5 24. e6 f5 25. Ne5 Bg7 26. e7 Qxe5 27.
Qxe5 Bxe5 28. e8=Q+ Rxe8 29. Bxe8 Bxh2 30. a5 Kf8 31. Bd7 Ke7 32. Bc8 b6 33.
axb6 axb6 34. Kd3 Kd6 35. Ke3 Ke5 36. Bd7 Bf4+ 37. Kf3 Bc1 38. b3 h5 39. Be8
Kf6 40. g3 Kg5 41. c4 Ba3 42. Bf7 Kh6 43. Be8 Bd6 44. Bd7 Kg5 45. Be8 Kf6 46.
Kf2 Bc5+ 47. Kf3 Bf8 48. Kf2 Ba3 49. Ke2 Bb4 50. Kf2 Bd2 51. Ke2 Bg5 52. b4 h4
53. gxh4 Bxh4 54. c5 bxc5 55. bxc5 Bg3 56. Kf3 Bb8 57. Ba4 g5 58. Bd1 Ke5 59.
c6 Bc7 60. Bc2 g4+ 61. Kg2 Kf4 62. Bd3 Bb6 63. Bc2 Ke5 64. Bd3 f4 65. Be2 Kf5
66. Bd3+ Ke5 67. Be2 f3+ 68. Bxf3 gxf3+ 69. Kxf3 Kd6 70. Ke4 Bd8 1/2-1/2

[Event "I Cerrado Concello de Arteixo 2015"]
[Site "Arteixo ESP"]
[Date "2015.07.16"]
[Round "7.4"]
[White "Hoffman, Alejandro"]
[Black "Gonzalez Trigal, Jose Luis"]
[Result "1-0"]
[WhiteElo "2456"]
[BlackElo "2246"]
[PlyCount "109"]
[EventDate "2015.07.13"]
[EventType "tourn"]
[EventRounds "9"]
[EventCountry "ESP"]
[EventCategory "4"]
[Source "lmi"]
[SourceDate "2015.07.13"]

1. Nf3 c5 2. g3 d5 3. Bg2 Nc6 4. O-O Nf6 5. c4 e6 6. cxd5 exd5 7. d4 Be7 8. b3
O-O 9. Bb2 Re8 10. Nc3 Bg4 11. dxc5 Bxc5 12. Na4 Bf8 13. h3 Bf5 14. Nd4 Be4 15.
Nxc6 bxc6 16. Rc1 Rc8 17. e3 Bxg2 18. Bxf6 Qxf6 19. Kxg2 Red8 20. Qf3 Qe7 21.
Rfd1 Rd6 22. Rd4 Rcd8 23. Nc5 g6 24. Rb4 Rf6 25. Qd1 Re8 26. Qd3 Bh6 27. Rc3
Qd6 28. Qd2 Bg7 29. Rc2 Bh6 30. Rb7 Re7 31. Rxe7 Qxe7 32. Qd3 Bf8 33. b4 h5 34.
h4 Qe8 35. a3 Qc8 36. Nb3 Qg4 37. Nd4 g5 38. f3 Qd7 39. hxg5 Rg6 40. f4 h4 41.
Nf3 h3+ 42. Kh2 Bg7 43. e4 Re6 44. e5 Re8 45. Nd4 Bxe5 46. fxe5 Rxe5 47. Nxc6
Rxg5 48. Qe3 Rg4 49. Ne5 Qf5 50. Nxg4 Qxc2+ 51. Kxh3 Qg6 52. Qe8+ Kh7 53. Qe5
d4 54. Qxd4 Qb1 55. Qe4+ 1-0

[Event "I Cerrado Concello de Arteixo 2015"]
[Site "Arteixo ESP"]
[Date "2015.07.16"]
[Round "7.5"]
[White "Vega Gomez, Francisco B"]
[Black "Kantans, Toms"]
[Result "0-1"]
[WhiteElo "2237"]
[BlackElo "2458"]
[PlyCount "56"]
[EventDate "2015.07.13"]
[EventType "tourn"]
[EventRounds "9"]
[EventCountry "ESP"]
[EventCategory "4"]
[Source "lmi"]
[SourceDate "2015.07.13"]

1. c4 e5 2. Nc3 Nc6 3. g3 Bc5 4. Bg2 a6 5. e3 d6 6. Nge2 Ba7 7. O-O h5 8. d4 h4
9. Bxc6+ bxc6 10. dxe5 Bh3 11. Re1 dxe5 12. Qa4 Bd7 13. c5 Bxc5 14. g4 Nh6 15.
h3 f5 16. f3 Rb8 17. a3 Qe7 18. g5 Qxg5+ 19. Kf2 Nf7 20. Rg1 Qf6 21. b4 Bb6 22.
Qc2 Ng5 23. Rxg5 Qxg5 24. Bd2 f4 25. Rg1 fxe3+ 26. Kf1 Bxh3+ 27. Ke1 exd2+ 28.
Kd1 Bxg1 0-1

[Event "I Cerrado Concello de Arteixo 2015"]
[Site "Arteixo ESP"]
[Date "2015.07.17"]
[Round "8.1"]
[White "Iwanow, Anna"]
[Black "Kantans, Toms"]
[Result "1/2-1/2"]
[WhiteElo "2206"]
[BlackElo "2458"]
[PlyCount "24"]
[EventDate "2015.07.13"]
[EventType "tourn"]
[EventRounds "9"]
[EventCountry "ESP"]
[EventCategory "4"]
[Source "lmi"]
[SourceDate "2015.07.13"]

1. Nf3 Nf6 2. g3 g6 3. Bg2 Bg7 4. c4 c5 5. Nc3 O-O 6. O-O Nc6 7. d3 d6 8. Rb1
Rb8 9. a3 b6 10. Bd2 Bd7 11. Ne1 Qc8 12. Nc2 Bh3 1/2-1/2

[Event "I Cerrado Concello de Arteixo 2015"]
[Site "Arteixo ESP"]
[Date "2015.07.17"]
[Round "8.2"]
[White "Gonzalez Trigal, Jose Luis"]
[Black "Vega Gomez, Francisco B"]
[Result "1-0"]
[WhiteElo "2246"]
[BlackElo "2237"]
[PlyCount "121"]
[EventDate "2015.07.13"]
[EventType "tourn"]
[EventRounds "9"]
[EventCountry "ESP"]
[EventCategory "4"]
[Source "lmi"]
[SourceDate "2015.07.13"]

1. d4 d6 2. Nf3 Bg4 3. c4 Bxf3 4. exf3 c6 5. Nc3 g6 6. Be2 Bg7 7. Be3 Nf6 8.
O-O O-O 9. d5 Nbd7 10. Qb3 Qc7 11. Rac1 Nc5 12. Qa3 a5 13. Bxc5 dxc5 14. Qxc5
Nd7 15. Qe3 Rfe8 16. Rfd1 Rad8 17. g3 Qb6 18. b3 Bxc3 19. Rxc3 c5 20. f4 Qd6
21. Bf3 Nb6 22. h4 Nc8 23. Bg4 f5 24. Bf3 Qf6 25. Qe5 h5 26. Re3 Rd6 27. Rde1
Red8 28. R3e2 b6 29. Qe3 Qg7 30. Qc1 Rf6 31. Re5 Rdd6 32. R1e3 Qf8 33. Kf1 Qd8
34. Ke1 Qd7 35. a4 Kf7 36. Kd1 Ke8 37. Kc2 Kd8 38. Kb1 Rf7 39. Re1 Qe8 40. Bd1
Qd7 41. f3 Rff6 42. g4 hxg4 43. fxg4 fxg4 44. Rg1 Qe8 45. Rxg4 Qf7 46. Bc2 Rd7
47. Reg5 Rdd6 48. Qe3 Kc7 49. Qg3 Kb7 50. Rxg6 Rxg6 51. Rxg6 Rxg6 52. Qxg6 Nd6
53. Qxf7 Nxf7 54. Kc1 Kc7 55. Kd2 Kd6 56. Bf5 Kc7 57. Ke3 Kd8 58. Kf3 b5 59.
axb5 a4 60. bxa4 Nd6 61. Bd3 1-0

[Event "I Cerrado Concello de Arteixo 2015"]
[Site "Arteixo ESP"]
[Date "2015.07.17"]
[Round "8.4"]
[White "Paunovic, Dragan"]
[Black "Senlle Caride, Miguel"]
[Result "1/2-1/2"]
[WhiteElo "2451"]
[BlackElo "2330"]
[PlyCount "34"]
[EventDate "2015.07.13"]
[EventType "tourn"]
[EventRounds "9"]
[EventCountry "ESP"]
[EventCategory "4"]
[Source "lmi"]
[SourceDate "2015.07.13"]

1. Nf3 Nf6 2. d4 e6 3. c4 d5 4. Nc3 c6 5. Bg5 dxc4 6. a4 c5 7. e3 cxd4 8. Qxd4
Qxd4 9. Nxd4 a6 10. Bxc4 Nbd7 11. Ke2 Ne5 12. Bb3 Bd7 13. Bf4 Nc6 14. Nxc6 Bxc6
15. f3 Be7 16. e4 O-O 17. Rhd1 Rfd8 1/2-1/2

[Event "I Cerrado Concello de Arteixo 2015"]
[Site "Arteixo ESP"]
[Date "2015.07.17"]
[Round "8.5"]
[White "Sande Edreira, Jose Antonio"]
[Black "Fernandez Borrego, Pablo"]
[Result "1-0"]
[WhiteElo "2277"]
[BlackElo "2378"]
[PlyCount "141"]
[EventDate "2015.07.13"]
[EventType "tourn"]
[EventRounds "9"]
[EventCountry "ESP"]
[EventCategory "4"]
[Source "lmi"]
[SourceDate "2015.07.13"]

1. c4 e6 2. Nf3 d5 3. g3 Nf6 4. Bg2 dxc4 5. Qa4+ Nbd7 6. Qxc4 a6 7. Qb3 Be7 8.
O-O O-O 9. Nc3 c5 10. a4 Qa5 11. d3 Qb4 12. Qc2 c4 13. d4 a5 14. Nb5 Nb6 15.
Ne5 Nfd7 16. Ra3 Nxe5 17. Bd2 c3 18. Bxc3 Qc4 19. b3 Qxb5 20. axb5 Bxa3 21.
dxe5 Nd5 22. Ra1 Bc5 23. Bxd5 exd5 24. b4 axb4 25. Rxa8 bxc3 26. Qxc3 b6 27.
Qd3 d4 28. f3 h5 29. Kf2 g6 30. Rxc8 Rxc8 31. e6 Re8 32. exf7+ Kxf7 33. Qc4+
Kf6 34. Kf1 Kg7 35. f4 Rf8 36. Kg2 Re8 37. Kf1 Rf8 38. Qd5 Rf5 39. Qd7+ Rf7 40.
Qd8 Rf8 41. Qd5 Rf5 42. Qe4 Rf7 43. Ke1 Re7 44. Qd5 Rf7 45. Kd1 Re7 46. f5 gxf5
47. Qxf5 Kh6 48. Qf6+ Kh7 49. Qg5 Ra7 50. Qxh5+ Kg7 51. Qg5+ Kh7 52. Qf5+ Kg7
53. Qe5+ Kh7 54. h4 Ra1+ 55. Kc2 Ra2+ 56. Kb1 Ra5 57. Qf5+ Kg8 58. Qd7 Ra3 59.
g4 Re3 60. Qd5+ Kg7 61. Qg5+ Kh8 62. Qh5+ Kg8 63. g5 Re7 64. Qg6+ Kh8 65. Qf6+
Kg8 66. g6 d3 67. exd3 Bb4 68. h5 Re1+ 69. Kc2 Re2+ 70. Kb3 Re7 71. Qf7+ 1-0

[Event "I Cerrado Concello de Arteixo 2015"]
[Site "Arteixo ESP"]
[Date "2015.07.17"]
[Round "9.1"]
[White "Fernandez Borrego, Pablo"]
[Black "Iwanow, Anna"]
[Result "1-0"]
[WhiteElo "2378"]
[BlackElo "2206"]
[PlyCount "105"]
[EventDate "2015.07.13"]
[EventType "tourn"]
[EventRounds "9"]
[EventCountry "ESP"]
[EventCategory "4"]
[Source "lmi"]
[SourceDate "2015.07.13"]

1. e4 d5 2. exd5 Qxd5 3. Nf3 Nc6 4. Be2 Bg4 5. Nc3 Qd7 6. h3 Bh5 7. d3 Nf6 8.
Be3 e6 9. a3 Be7 10. Qd2 h6 11. d4 Bxf3 12. Bxf3 Nd5 13. Nxd5 exd5 14. Bg4 Qd8
15. g3 a5 16. a4 O-O 17. h4 Ra6 18. c3 Na7 19. b3 Nc8 20. Ra2 Nd6 21. f3 Rb6
22. Rb2 Ne8 23. O-O Nf6 24. Bf5 Nh5 25. Bf2 Bd6 26. Kg2 c6 27. Qd1 Qb8 28. f4
Nf6 29. Re2 Ra6 30. c4 Rd8 31. c5 Bf8 32. Qd3 Qc7 33. Qf3 h5 34. Bd3 Raa8 35.
Rfe1 Ng4 36. Bc2 Qd7 37. Qd3 Nf6 38. Re5 Ne4 39. f5 Be7 40. Qf3 Bf6 41. Qxh5
Bxe5 42. dxe5 Re8 43. Bd4 g6 44. fxg6 fxg6 45. Qxg6+ Qg7 46. Bxe4 dxe4 47. Qxe4
Rad8 48. Rf1 Re6 49. Rf4 Qd7 50. Rg4+ Kh8 51. Qf5 Rh6 52. e6+ Qxd4 53. Rxd4 1-0

[Event "I Cerrado Concello de Arteixo 2015"]
[Site "Arteixo ESP"]
[Date "2015.07.17"]
[Round "9.2"]
[White "Senlle Caride, Miguel"]
[Black "Sande Edreira, Jose Antonio"]
[Result "1/2-1/2"]
[WhiteElo "2330"]
[BlackElo "2277"]
[PlyCount "34"]
[EventDate "2015.07.13"]
[EventType "tourn"]
[EventRounds "9"]
[EventCountry "ESP"]
[EventCategory "4"]
[Source "lmi"]
[SourceDate "2015.07.13"]
[WhiteClock "0:39:28"]
[BlackClock "1:22:17"]

1. Nf3 g6 2. d4 Bg7 3. Nc3 c5 4. e4 cxd4 5. Nxd4 Nc6 6. Nxc6 bxc6 7. Bc4 e6 8.
Qd6 Qe7 9. Bf4 e5 10. Qxe7+ Kxe7 11. Be3 d6 12. O-O-O Bh6 13. Rhe1 Be6 14. Bb3
Bxe3+ 15. Rxe3 Nf6 16. Red3 Rhd8 17. f3 Rh8 1/2-1/2

[Event "I Cerrado Concello de Arteixo 2015"]
[Site "Arteixo ESP"]
[Date "2015.07.17"]
[Round "9.4"]
[White "Vega Gomez, Francisco B"]
[Black "Medarde Santiago, Luis Marcos"]
[Result "1/2-1/2"]
[WhiteElo "2237"]
[BlackElo "2273"]
[PlyCount "36"]
[EventDate "2015.07.13"]
[EventType "tourn"]
[EventRounds "9"]
[EventCountry "ESP"]
[EventCategory "4"]
[Source "lmi"]
[SourceDate "2015.07.13"]
[WhiteClock "1:06:22"]
[BlackClock "0:46:59"]

1. Nf3 g6 2. d4 Nf6 3. g3 Bg7 4. Bg2 O-O 5. O-O d5 6. Nbd2 a5 7. c4 c6 8. Ne5
Nbd7 9. Nxd7 Bxd7 10. cxd5 cxd5 11. Nf3 e6 12. Ne5 Qb6 13. Nxd7 Nxd7 14. e3
Rfc8 15. Rb1 Qb5 16. Bd2 Nb6 17. Bc3 Qc4 18. Qb3 Qxb3 1/2-1/2